Normal view MARC view

Entry Topical Term

Number of records used in: 1

001 - CONTROL NUMBER

  • control field: 12902

003 - CONTROL NUMBER IDENTIFIER

  • control field: dpl

005 - DATE AND TIME OF LATEST TRANSACTION

  • control field: 20100813160243.0

008 - FIXED-LENGTH DATA ELEMENTS

  • fixed length control field: 100813|||a|||||| | ||| d

040 ## - CATALOGING SOURCE

  • Original cataloging agency: dpl
  • Transcribing agency: dpl

150 ## - HEADING--TOPICAL TERM

  • Topical term or geographic name as entry element: Capital punishment

670 ## - SOURCE DATA FOUND

  • Source citation: Work cat.: (dpl): T. Sevamuthukumaran 12901, Capital punishment in historical perspectives /, 2009

670 ## - SOURCE DATA FOUND

  • Source citation: Work cat.: (dpl): T. Sevamuthukumaran 12901, Capital punishment in historical perspectives /, 2009

© Delhi Public Library
Hit Counter
free hit counter